| 000 | 00826nam a22002537a 4500 | ||
|---|---|---|---|
| 003 | OSt | ||
| 005 | 20260223023105.0 | ||
| 008 | 260223b |||||||| |||| 00| 0 eng d | ||
| 020 | _a 978-621-04-5161-0 | ||
| 040 |
_aDWC-Main lib _cOC |
||
| 082 |
_2 First edition _aFil. 070.4 IN61 2025 |
||
| 100 | _aBendalan, Nilda B. | ||
| 245 |
_aIntroduksiyon sa pamamahayag/ _cNilda B. Bendalan |
||
| 250 | _aFirst edition | ||
| 260 |
_a Manila, Philippines: _bRex Book Store, _cc2025. |
||
| 300 |
_a xi, 106 pages: _billustrations; _c25 cm. |
||
| 504 | _aIncludes bibliographical references and index. | ||
| 650 | _a1. Journalism. | ||
| 700 | _aJuanita C. Berong | ||
| 700 | _aVilma A. Dumpayan | ||
| 700 | _aJennifer M. Fernandez | ||
| 700 | _aClemencia D. Lozano | ||
| 942 |
_2ddc _cBK - FIL _e First edition _kFil. _n0 |
||
| 999 |
_c8490 _d8490 |
||